000 00474cam a2200193ua 4500
001 2256
008 110806n ii |||gr||||Z||||||eng
040 _cMAIN
082 _a370.15
100 _aBora,
_eAuthor.
245 1 _aEducational psychology
_ced. by Bora
250 _a4th.
260 _aCalcutta:
_bSribhumi publishing company,969.
300 _a320p:
_c23cm.
653 _aEducation
653 _aEducational psychology
700 _aDutta,
_eAuthor.
942 _cBK
999 _c2123
_d2123